00252nam a22001097a 4500003000400000082001400004100001500018245004200033260003700075300000800112650002200120SGT a320bJ18P aPUSHYAMITR aJAN NEEL KA DAAG MITA: CHAMPARAN 1917 bSARTHAK RAJKAMAL PRAKASHANc2018 a151 aPOLITICAL SCIENCE